<?xml version="1.0" encoding="UTF-8"?>
<record
    xmlns:xsi="http://www.w3.org/2001/XMLSchema-instance"
    xsi:schemaLocation="http://www.loc.gov/MARC21/slim http://www.loc.gov/standards/marcxml/schema/MARC21slim.xsd"
    xmlns="http://www.loc.gov/MARC21/slim">

  <leader>02378cam a22002298i 4500</leader>
  <datafield tag="999" ind1=" " ind2=" ">
    <subfield code="c">39625</subfield>
    <subfield code="d">39625</subfield>
  </datafield>
  <datafield tag="020" ind1=" " ind2=" ">
    <subfield code="a">9781032421247</subfield>
  </datafield>
  <datafield tag="020" ind1=" " ind2=" ">
    <subfield code="a">9781032421230</subfield>
  </datafield>
  <datafield tag="082" ind1="0" ind2="4">
    <subfield code="a">305.50954</subfield>
    <subfield code="b">AHM-O</subfield>
  </datafield>
  <datafield tag="100" ind1="1" ind2=" ">
    <subfield code="a">Ahmed, Nawazuddin,</subfield>
    <subfield code="e">author.</subfield>
  </datafield>
  <datafield tag="245" ind1="1" ind2="0">
    <subfield code="a">Occupational mobility in contemporary Indi :</subfield>
    <subfield code="b">beyond one generation into the future/</subfield>
    <subfield code="c">Nawazuddin Ahmed, D.K. Nauriyal.</subfield>
  </datafield>
  <datafield tag="260" ind1=" " ind2=" ">
    <subfield code="a">London:</subfield>
    <subfield code="b">Routledge</subfield>
    <subfield code="c">2023</subfield>
  </datafield>
  <datafield tag="300" ind1=" " ind2=" ">
    <subfield code="a">xv, 156p.</subfield>
  </datafield>
  <datafield tag="504" ind1=" " ind2=" ">
    <subfield code="a">Includes bibliographical references and index.</subfield>
  </datafield>
  <datafield tag="505" ind1="0" ind2=" ">
    <subfield code="a">Introduction -- What is Already Known and Documented -- Intergenerational Occupational Mobility among Socio-religious Communities -- What drives occupational mobility: An analysis of parental, household and locational characteristics -- Intergenerational Educational Mobility among Socio-religious Communities and Neighborhood Effects -- Survey Design and Profile of Surveyed Districts -- Primary Survey-Based Evidence on Muslim Occupational and Educational Mobility -- Current Evidence and Disagreements.</subfield>
  </datafield>
  <datafield tag="520" ind1=" " ind2=" ">
    <subfield code="a">"This book analyses the magnitude of the relationship between family background and adult occupational and educational outcomes and provides a comprehensive view of intergenerational mobility in the context of religious and caste dynamics in India. Based on nationally representative data sets, the book tracks educational and occupational mobility experiences of different socio-religious groups in contemporary India. Examining primary and secondary data to comprehend the macro picture and the micro details, the book offers insights into intragenerational occupational mobility and the perceptions and expectations of Muslim households. The book presents a classification of jobs and mobility analysis that is built on solid foundations of stratification theories. Moreover, it identifies data and presents evidence on the neighbourhood effects in India. Offering an analysis of intergenerational advancement, this book is aimed at researchers in the field of economics, sociology, labour studies, development studies, minority and subaltern studies as well as those interested in the socioeconomic issues of disadvantaged socio-religious groups in India"--</subfield>
  </datafield>
  <datafield tag="650" ind1=" " ind2="0">
    <subfield code="a">Occupational mobility</subfield>
    <subfield code="z">India.</subfield>
  </datafield>
  <datafield tag="650" ind1=" " ind2="0">
    <subfield code="a">Social mobility</subfield>
    <subfield code="z">India.</subfield>
  </datafield>
  <datafield tag="650" ind1=" " ind2="0">
    <subfield code="a">Social classes</subfield>
    <subfield code="z">India.</subfield>
  </datafield>
  <datafield tag="650" ind1=" " ind2="0">
    <subfield code="a">Caste</subfield>
    <subfield code="z">India.</subfield>
  </datafield>
  <datafield tag="700" ind1="1" ind2=" ">
    <subfield code="a">Nauriyal, D. K.,</subfield>
    <subfield code="e">author.</subfield>
  </datafield>
  <datafield tag="942" ind1=" " ind2=" ">
    <subfield code="2">ddc</subfield>
    <subfield code="c">BK</subfield>
  </datafield>
  <datafield tag="952" ind1=" " ind2=" ">
    <subfield code="0">0</subfield>
    <subfield code="1">0</subfield>
    <subfield code="4">0</subfield>
    <subfield code="7">0</subfield>
    <subfield code="a">NASSDOC</subfield>
    <subfield code="b">NASSDOC</subfield>
    <subfield code="d">2024-03-21</subfield>
    <subfield code="e">Overseas Press India Limited</subfield>
    <subfield code="g">9001.78</subfield>
    <subfield code="i">20-032024</subfield>
    <subfield code="l">0</subfield>
    <subfield code="o">305.50954 AHM-O</subfield>
    <subfield code="p">54351</subfield>
    <subfield code="r">2024-05-20 00:00:00</subfield>
    <subfield code="v">13848.90</subfield>
    <subfield code="w">2024-05-20</subfield>
    <subfield code="y">BK</subfield>
  </datafield>
</record>
